000 00707nam a2200193Ia 4500
001 11187
003 GE_BSU
008 181216s||||||||xx |||||||||||||| ||und||
040 _cGE_BSU
080 _a621.039(03)
245 _aКраткая энциклопедия Атомая энергия
245 _cОтв.ред.В.С.Емельянов. Чл. ред коллегии:И.П.Бардин, А.П.Виноградов,В.И.Гольданский.
260 _aМосква
260 _bболшая советская энциклопедия.
260 _c1958.
300 _a610стр,23см.
653 _aКраткая энциклопедия Атомая энергия
942 _cBK
999 _c44421
_d44421